header

The language of politics (Record no. 1173)

MARC details
000 -LEADER
fixed length control field 01317nam a2200337 a 4500
082 04 - DEWEY DECIMAL CLASSIFICATION NUMBER
Classification number 420.1/41
100 1# - MAIN ENTRY--AUTHOR NAME
Personal name Beard, Adrian,
245 14 - TITLE STATEMENT
Title The language of politics
260 ## - PUBLICATION, DISTRIBUTION, ETC. (IMPRINT)
Place of publication London ;
-- New York :
Name of publisher Routledge,
Year of publication 2000.
300 ## - PHYSICAL DESCRIPTION
Number of Pages ix, 121 p. :
Other physical details ill.
490 1# - SERIES STATEMENT
Series statement Intertext
650 #0 - SUBJECT ADDED ENTRY--TOPICAL TERM
Topical Term English language
Topical Term Politicians
Topical Term Political science
856 40 - ELECTRONIC LOCATION AND ACCESS
Uniform Resource Identifier http://site.ebrary.com/lib/rucke/Doc?id=5001400

No items available.

© 2026 Rongo University
Contact us: librarian | system librarian | Rongo university